| 000 | 00887cam a22002537a 4500 | ||
|---|---|---|---|
| 003 | MX-MxUPN | ||
| 005 | 20240920164455.0 | ||
| 008 | 230817s1990 mx|a|||br|||| 000 j spa d | ||
| 020 | _a968292488X | ||
| 040 |
_aMX-MxUPN _bspa |
||
| 050 | 4 |
_aPZ10.3 _bK57 1990 |
|
| 100 | 1 |
_928832 _aKipling, Rudyard, _d1864-1936 |
|
| 245 | 1 | 4 | _aLos hermanos de Ranita |
| 250 | _aSegunda edición | ||
| 260 |
_aMéxico : _bConsejo Nacional para la Cultura y las Artes, _c1990 |
||
| 300 |
_a29 páginas : _bilustraciones a color |
||
| 490 | 0 | _aBibliotecas de chapulín | |
| 650 | 7 |
_aAnimales de la selva _vLiteratura infantil _921432 |
|
| 650 | 7 |
_949915 _aHuérfanos y orfanatorios _vLiteratura infantil |
|
| 650 | 4 |
_910002 _aCuentos infantiles ingleses |
|
| 700 | 1 |
_949911 _aBartolozzi, Salvador, _d1882-1950 _eilustración |
|
| 902 |
_aLCM17082023 _bVíctorGodínez/080923 |
||
| 942 |
_2lcc _cLIBRO |
||
| 999 |
_c210093 _d210093 |
||